Places To Study
There are group study rooms, individual study carrels, computer labs, and other spaces to study in the Libraries.
Reserve A Group Room| 000 -LEADER | |
|---|---|
| fixed length control field | 00509nam a22001577a 4500 |
| 003 - CONTROL NUMBER IDENTIFIER | |
| control field | OSt |
| 005 - DATE AND TIME OF LATEST TRANSACTION | |
| control field | 20240929232316.0 |
| 008 - FIXED-LENGTH DATA ELEMENTS--GENERAL INFORMATION | |
| fixed length control field | 240923b |||||||| |||| 00| 0 eng d |
| 040 ## - CATALOGING SOURCE | |
| Transcribing agency | DCL |
| 100 1# - MAIN ENTRY--PERSONAL NAME | |
| Personal name | Chan, Ajahn |
| 245 10 - TITLE STATEMENT | |
| Title | Bodhinyana a Collection of Dharma Talk / |
| Statement of responsibility, etc. | Ajahn Chan. |
| 264 ## - PRODUCTION, PUBLICATION, DISTRIBUTION, MANUFACTURE, AND COPYRIGHT NOTICE | |
| Place of production, publication, distribution, manufacture | THAILAND : |
| Name of producer, publisher, distributor, manufacturer | The Sangh, Abhayagiyi Monastery, |
| 300 ## - PHYSICAL DESCRIPTION | |
| Extent | 134 pages ; |
| 856 ## - ELECTRONIC LOCATION AND ACCESS | |
| Uniform Resource Identifier | <a href="https://library.dhammadhara.com/cgi-bin/koha/opac-retrieve-file.pl?id=130165462c09c354df794a4655c01309">https://library.dhammadhara.com/cgi-bin/koha/opac-retrieve-file.pl?id=130165462c09c354df794a4655c01309</a> |
| Link text | EBook |
| 942 ## - ADDED ENTRY ELEMENTS (KOHA) | |
| Source of classification or shelving scheme | Dewey Decimal Classification |
| Koha item type | E-Book (Full Access) |
| Suppress in OPAC | No |
No items available.